Statistics for Harry Potter Groups of 2

Click here to take the quiz!

General Stats

  • This quiz has been taken 22 times
  • The average score is 12 of 18

Answer Stats

Answer% Correct
Slytherin
86%
Fred
81%
George
81%
Gryffindor
81%
Luna
81%
Severus Snape
81%
Albus
76%
Ginny Weasley
76%
Hermione Granger
76%
Ronald Weasley
76%
Aberforth
62%
Cedric Diggory
62%
Xenophilius
62%
Alastor Moody
57%
Cho Chang
57%
Hippogriff
33%
Thestral
33%
Frank Bryce
24%

Score Distribution

Percentile by Number Answered

Percent of People with Each Score

Your Score History

You have not taken this quiz